Komentár k Zákonníku práce

Ochrana práce, povinnosti zamestnávateľa a zamestnancov, inšpekcia práce. Podniková sociálna politika, pracovné podmienky zamestnancov, stravovanie, vzdelávanie, úprava pracovného času, práca nadčas, materská a rodičovská dovolenka. Komentáre k jednotlivým paragrafom 6. a 7. časti Zákonníka práce.

Salvato in:
Dettagli Bibliografici
Autore principale: Rybárová, Mária
Altri autori: Vojnárová, Anna, Mačuha, Miroslav
Natura: Capitolo di libro
Lingua:slovacco
Soggetti:
Tags: Aggiungi Tag
Nessun Tag, puoi essere il primo ad aggiungerne!!

MARC

LEADER 00000naa$a2200000$$$4500
001 0026159
005 20231106071323.2
041 0 |a slo 
044 |a SK 
245 1 0 |a Komentár k Zákonníku práce  |c Mária Rybárová, Anna Vojnarová, Miroslav Mačuha 
520 |a Ochrana práce, povinnosti zamestnávateľa a zamestnancov, inšpekcia práce. Podniková sociálna politika, pracovné podmienky zamestnancov, stravovanie, vzdelávanie, úprava pracovného času, práca nadčas, materská a rodičovská dovolenka. Komentáre k jednotlivým paragrafom 6. a 7. časti Zákonníka práce. 
610 2 0 |a zákonník práce 
610 2 0 |a ochrana práce 
610 2 0 |a politika sociálna podniková 
610 2 0 |a komentáre 
100 1 |a Rybárová, Mária 
700 1 |a Vojnárová, Anna 
700 1 |a Mačuha, Miroslav